MCQS IN HUMAN PHYSIOLOGY: BASIC AND APPLIED (Record no. 2467)

MARC details
000 -LEADER
fixed length control field 00327nam a2200133Ia 4500
082 ## - DEWEY DECIMAL CLASSIFICATION NUMBER
Classification number 612
Item number H00T
100 ## - MAIN ENTRY--PERSONAL NAME
Personal name O.P .TANDON
245 ## - TITLE STATEMENT
Title MCQS IN HUMAN PHYSIOLOGY: BASIC AND APPLIED
250 ## - EDITION STATEMENT
Edition statement 3RD
260 ## - PUBLICATION, DISTRIBUTION, ETC. (IMPRINT)
Name of publisher, distributor, etc JAYPEE MEDICAL PUBLISHER
Place of publication, distribution, etc DARYAGANJ ( DELHI)
Year of Publication 2000
300 ## - PAGE DESCRIPTION
No. of Pages 1-251
650 ## - SUBJECT ADDED ENTRY--TOPICAL TERM
Topical term or geographic name as entry element PHYSIOLOGY
942 ## - ADDED ENTRY ELEMENTS (KOHA)
Source of classification or shelving scheme Dewey Decimal Classification
Koha item type Books
Holdings
Withdrawn status Lost status Source of classification or shelving scheme Damaged status Not for loan Home library Current library Date acquired Vendor Name Cost, normal purchase price Volume Information (Serial or Books or Non-Book Material) SGTU Bill Number Full call number Accession No. (Barcode) Date last seen Bill Date Koha item type Total Checkouts Date last borrowed
Withdrawn   Dewey Decimal Classification     SGT Dental Library SGT Dental Library 10/04/2002 U.B.S.DELHI 90.00 1 SGTU 45 612 H00T FD46 09/02/2015 19/01/2012 Books    
    Dewey Decimal Classification     SGT Dental Library SGT Dental Library 10/04/2002 U.B.S.DELHI 90.00 1 SGTU 45 612 H00T FD47 02/12/2023 19/01/2012 Books 3 02/12/2023
    Dewey Decimal Classification     SGT Dental Library SGT Dental Library 10/04/2002 U.B.S.DELHI 90.00 1 SGTU 45 612 H00T FD48 29/03/2022 19/01/2012 Books 2 08/03/2022